Stati tra 1 000 000 e 2 000 000 abitanti - Statistics

Statistiche generali
  • Questo quiz è stato fatto 17 volte
  • Il punteggio medio è 8 su 11
Statistiche sulle risposte
Popolazione (ab.) Continente Nazione % Corretto
1 001 454 Africa Gibuti
93%
1 781 308 Africa Guinea Bissau
80%
1 261 041 Africa Mauritius
80%
1 365 884 Europa Estonia
73%
1 874 700 Europa Lettonia
73%
1 365 805 America del Nord Trinidad e Tobago
73%
1 223 362 Africa eSwatini
67%
1 558 160 Africa Guinea Equatoriale
67%
1 7832 69 Europa Macedonia del Nord
60%
1 354 662 Asia Timor Est
60%
1 577 059 Asia Bahrein
40%
Nessun quiz corrispondente trovato
Distribuzione punteggi
Percentuale di utenti per punteggio
Percentile per numero di risposta
I tuoi punteggi nel tempo
Non hai fatto questo quiz